The World Markets for OTC healthcare : November 2004.
| Format: | Book |
|---|---|
| Published: |
London:
Euromonitor,
2004.
|
| Subjects: |
| LEADER | 00455cam a2200145 7i4500 | ||
|---|---|---|---|
| 001 | 0000015421 | ||
| 005 | 20050505090000.0 | ||
| 090 | 0 | 0 | |a I 362.1 |b WOR |
| 245 | 0 | 0 | |a The World Markets for OTC healthcare : |b November 2004. |
| 260 | 0 | 0 | |a London: |b Euromonitor, |c 2004. |
| 300 | # | # | |a 234 p. |
| 650 | 0 | 0 | |a OTC healthcare -- |x Markets |
| 650 | 0 | 0 | |a Medicalcare -- |x Markets |
| 650 | 0 | 0 | |a Healthcare -- |x Markets |
| 999 | |a B000016488 |b Book |c International |e Business Information Centre | ||